| 000 | 00647nam a2200193 a 4500 | ||
|---|---|---|---|
| 005 | 20140414132104.0 | ||
| 008 | 100722s19uu xx 00 eng d | ||
| 020 | _a9781595665706 | ||
| 050 |
_aM 577.54 _bP37 2008 |
||
| 100 | _aParker, Steve | ||
| 245 | _aDeserts. | ||
| 260 |
_aLaguna Hills, CA : _bQEB pub, _c2008. |
||
| 300 | _a32 p. : col. ill., maps (some | ||
| 440 | _aQEB planet Earth | ||
| 520 | _a"Describes the climate, location, types, storms, and plants and animals of desert ecosystems"--Provided by publisher. | ||
| 650 | _aDesert ecology --Juvenile literature. | ||
| 650 | _aDeserts --Juvenile literature. | ||
| 999 |
_c114535 _d114535 |
||